000 00538nam a22001937a 4500
005 20260130160703.0
008 260129b |||||||| |||| 00| 0 eng d
020 _a9789369677306
_cRs. 4595.00
040 _aMAIN
082 _a320.954
_bJ199I
100 _aJaiswal, Piyush Kumar
245 _aIndian politics in comparative perspective
260 _bScientific Books International
_c2026
_aNew Delhi
300 _av, 262
650 _aPolitical Science
650 _aIndian Politics
650 _aPolitical Economy
942 _cBK
999 _c395167
_d395167